U.S. Presidents - Spot the Imposter - Statistics

General Stats
  • This quiz has been taken 1,049 times
    1,012 since last reset
  • The average score is 21 of 23
Answer Stats
Question Answer % Correct
Who was not a President of the United States? Josiah Bartlet
99%
Who was not a President of the United States? Andrew Jacobson
98%
Who was not a President of the United States? Benjamin Franklin
98%
Who was not a President of the United States? Eleanor Roosevelt
98%
Who was not a President of the United States? John Kerry
98%
Who was not a President of the United States? Aaron Burr
97%
Who was not a President of the United States? Dwight Schrute
97%
Who was not a President of the United States? Thomas Dewey
97%
Who was not a President of the United States? William Penn
96%
Who was not a President of the United States? Wilson Phillips
96%
Who was not a President of the United States? James Morrison
95%
Who was not a President of the United States? Thomas Paine
95%
Who was not a President of the United States? Samuel Adams
94%
Who was not a President of the United States? Jimmy Stewart
93%
Who was not a President of the United States? Johnathan Taylor Thomas
93%
Who was not a President of the United States? John McCain
92%
Who was not a President of the United States? Grover Cleveland Alexander
91%
Who was not a President of the United States? John Hancock
91%
Who was not a President of the United States? Alexander Hamilton
87%
Who was not a President of the United States? George Harrison
87%
Who was not a President of the United States? George H. Bush
87%
Who was not a President of the United States? Stephen Douglas
85%
Who was not a President of the United States? James Taylor
79%
No matching quizzes found
Score Distribution
Percent of People with Each Score
Percentile by Number Answered
Your Score History
You have not taken this quiz since the last reset